|
|
|
|
| LEADER |
01230nam a22002894a 4500 |
| 001 |
28458 |
| 003 |
BD-DhAAL |
| 005 |
20141022141840.0 |
| 008 |
141022s2006 nyua 000 0 eng d |
| 010 |
|
|
|a 2007276314
|
| 020 |
|
|
|a 9780753818923
|
| 040 |
|
|
|a OCO
|c OCO
|d BAKER
|d YDXCP
|d CPL
|d DLC
|d BD-DhAAL
|
| 050 |
0 |
0 |
|a ML410.R953
|b F86 2006
|
| 082 |
0 |
0 |
|a 792.6/42
|2 22
|
| 100 |
1 |
|
|a Walker, Alice
|9 5787
|
| 245 |
1 |
4 |
|a The color purple :
|b a memory book of the Broadway musical /
|c text and interviews by Lise Funderburg ; principal photography by Jennifer S. Altman ; with production photography by Paul Kolnik.
|
| 260 |
|
|
|a London :
|b Phoenix :
|c c2004.
|
| 300 |
|
|
|a x, 262 p. :
|b col. ill. ;
|c 22 cm.
|
| 541 |
|
|
|e 28458
|
| 600 |
1 |
0 |
|a Russell, Brenda.
|t Color purple.
|9 5788
|
| 650 |
|
0 |
|a Musicals
|x Production and direction.
|9 5789
|
| 650 |
|
0 |
|a Musicals
|v Librettos.
|9 5790
|
| 700 |
1 |
|
|a Walker, Alice,
|d 1944-
|9 5791
|
| 730 |
0 |
|
|a Color purple (Motion picture)
|9 5792
|
| 942 |
|
|
|2 ddc
|c BK
|
| 999 |
|
|
|c 32970
|d 32970
|
| 952 |
|
|
|0 0
|1 0
|2 ddc
|4 0
|6 792_642000000000000_WAL
|7 0
|9 43914
|a BRACUL
|b BRACUL
|c GEN
|d 2014-10-22
|e Friends Book Corner
|l 2
|m 5
|o 792.642 WAL
|p 3010028458
|r 2026-03-03
|s 2026-02-19
|t 1
|w 2014-10-22
|y BK
|x Transferred from BIL to BRACUL on 06/06/22
|